[Event "WYCC 2018 O18"]
[Site "Halkidiki"]
[Date "2018.10.27"]
[Round "8"]
[White "Agmanov, Zhandos"]
[Black "Pultinevicius, Paulius"]
[Result "1-0"]
[WhiteElo "2354"]
[BlackElo "2465"]
[Annotator "TA"]
[PlyCount "65"]
[EventDate "2018.10.20"]
[EventType "swiss"]
[EventCountry "GRE"]
[SourceTitle "playchess.com"]
[Source "ChessBase"]
[SourceQuality "1"]

{[%evp 17,65,23,29,31,23,13,20,-2,27,22,29,16,12,30,60,50,54,0,12,12,12,12,36,20,18,-38,110,55,62,79,105,91,147,139,220,204,416,410,432,403,683,687,664,624,650,629,630,620,578,533]} 1. e4 e5 2. Nf3 Nc6 3. Bc4 Nf6 4. d3 Be7 5. O-O O-O 6. c3 d5 7. exd5 Nxd5 8. Re1 Bg4 {C55: Two Knights: 4 d3, 4 d4 exd4 5 e5 and Max Lange Attack} (8... Bf6 9. Nbd2 Nb6 10. Bb5 Bd7 11. Ne4 Re8 12. Be3 a6 13. Bxc6 Bxc6 14. Bxb6 cxb6 15. Qe2 Re6 16. Rad1 Be7 {½-½ (54) Mamedov,R (2653)-Kantans,T (2514) Reykjavik 2015}) 9. Nbd2 {[%cal Bb1d2,Bd2f1,Bf1g3,Bg3h5,Bh5f4][%mdl 32]} Kh8 {LiveBook: 9 Games} 10. Nf1 Nb6 $146 {White is slightly better.} ({Predecessor:} 10... f5 11. h3 Bxf3 12. Qxf3 Nb6 13. Bb5 Qd6 14. Bxc6 bxc6 15. Bd2 Rad8 16. Rad1 {½-½ (43) Roewekamp,H (1643)-Te Sligte,B (1842) Germany 2012}) 11. Bb3 Qd6 12. Ng3 Rae8 13. h3 Bd7 14. d4 exd4 15. cxd4 f5 16. Nh5 {Black must now prevent d5.} f4 17. Qd2 (17. Bd2 $14) 17... Bxh3 18. Nxf4 Bg4 {And now ...Bxf3 would win.} 19. Ne5 $36 {[%mdl 2048] White fights for an advantage.} Nxe5 20. dxe5 Qc6 21. Qc2 (21. e6 $11) 21... Qd7 (21... Qxc2 $15 {stays ahead.} 22. Bxc2 c6) 22. Be3 (22. e6 $16 Qd6 23. Qe4) 22... c5 23. Rac1 c4 24. Bxc4 Rc8 {[#]} ({Black should play} 24... Bb4) 25. Qb3 $1 $16 Bg5 {[#]} (25... Rxc4 $16 {was called for.} 26. Rxc4 Nxc4 27. Qxc4 Bf5) 26. e6 $1 $18 {[%cal Re6d7,Be5e6,Be6e7][%mdl 32]} Qd6 $2 {[#]} (26... Qd8) 27. Ng6+ $1 {[%mdl 512]} hxg6 28. Bxg5 Rc5 (28... Qc5 $142) 29. e7 {White is clearly winning.} Re8 30. Bf7 Rxc1 31. Rxc1 Rxe7 32. Bxe7 Qxe7 33. Qg3 {Precision: White = 60%, Black = 29%.} 1-0

[Event "WYCC 2018 O18"]
[Site "Halkidiki"]
[Date "2018.10.27"]
[Round "8"]
[White "Stijve, Theo"]
[Black "Brewer, Callum D"]
[Result "1-0"]
[WhiteElo "2345"]
[BlackElo "2056"]
[Annotator "NA"]
[PlyCount "113"]
[EventDate "2018.10.20"]
[EventType "swiss"]
[EventCountry "GRE"]
[SourceTitle "playchess.com"]
[Source "ChessBase"]
[SourceQuality "1"]
[TimeControl "40/5400+30:1800+30"]

1. e4 {[%emt 0:00:11]} c6 {[%emt 0:00:00]} 2. d4 {[%emt 0:00:11]} d5 {[%emt 0:00:00]} 3. e5 {[%emt 0:00:11]} Bf5 {[%emt 0:00:00]} 4. h4 {[%emt 0:00:06]} h5 {[%emt 0:00:00]} 5. Bd3 {[%emt 0:00:08]} Bxd3 {[%emt 0:00:00]} 6. Qxd3 {[%emt 0:00:09]} Qa5+ {[%emt 0:00:00]} 7. Bd2 {[%emt 0:00:10]} Qa6 {[%emt 0:00:00]} 8. e6 {[%emt 0:00:08]} Qxd3 {[%emt 0:01:16]} 9. exf7+ {[%emt 0:00:07]} Kxf7 {[%emt 0:00:03]} 10. cxd3 {[%emt 0:00:10]} Nh6 {[%emt 0:03:14]} 11. Bc3 {[%emt 0:01:13]} Nf5 {[%emt 0:06:18]} 12. Nf3 {[%emt 0:06:05]} Nd7 {[%emt 0:12:27]} 13. Nbd2 {[%emt 0:02:40]} g6 {[%emt 0:06:47]} 14. Ng5+ {[%emt 0:03:19]} Kf6 {[%emt 0:09:08]} 15. Ndf3 {[%emt 0:00:37]} Bh6 $14 {[%emt 0:01:14]} 16. g3 {[%emt 0:06:13]} Bxg5 {[%emt 0:16:26]} 17. Nxg5 {[%emt 0:01:48]} a5 {[%emt 0:02:55]} 18. a4 {[%emt 0:05:23]} Rhe8 {[%emt 0:03:51]} 19. Kd1 {[%emt 0:12:21]} b6 {[%emt 0:02:58]} 20. Re1 {[%emt 0:01:56]} e6 {[%emt 0:01:11]} 21. b3 {[%emt 0:02:23]} Nf8 {[%emt 0:16:32]} 22. Ra2 {[%emt 0:04:02]} Re7 {[%emt 0:03:47]} 23. Rae2 {[%emt 0:01:17]} b5 {[%emt 0:03:46]} 24. Ra2 {[%emt 0:11:09]} b4 {[%emt 0:01:05]} 25. Ba1 {[%emt 0:00:15]} Nh7 {[%emt 0:04:38]} 26. Nf3 {[%emt 0:06:21]} Rc7 {[%emt 0:00:52]} 27. Rc2 {[%emt 0:01:00]} Nf8 {[%emt 0:01:24]} 28. Ne5 {[%emt 0:03:07]} Ra6 {[%emt 0:00:55]} 29. Bb2 {[%emt 0:06:29]} Nd7 {[%emt 0:00:52]} 30. Nf3 {[%emt 0:00:09]} Rc8 {[%emt 0:00:50]} 31. Ng5 {[%emt 0:07:17]} Nf8 {[%emt 0:00:46]} 32. Kd2 {[%emt 0:01:20]} Ke7 {[%emt 0:01:03]} 33. Ke2 {[%emt 0:02:15]} Kf6 {[%emt 0:00:57]} 34. Kf3 {[%emt 0:00:36]} Rc7 {[%emt 0:00:33]} 35. Kg2 {[%emt 0:03:51]} Rc8 {[%emt 0:00:03]} 36. Kh3 {[%emt 0:00:20]} Rc7 {[%emt 0:00:15]} 37. f3 {[%emt 0:00:39]} Re7 {[%emt 0:00:28]} 38. g4 {[%emt 0:02:19]} Ng7 {[%emt 0:00:19]} 39. Bc1 {[%emt 0:05:21]} Re8 {[%emt 0:00:01]} 40. Bf4 {[%emt 0:00:00]} Nd7 {[%emt 0:00:00]} 41. Nh7+ {[%emt 0:11:13]} Kf7 {[%emt 0:01:44]} 42. Bd6 {[%emt 0:03:57]} Rh8 {[%emt 0:03:01]} 43. Ng5+ {[%emt 0:01:34]} Kf6 {[%emt 0:00:10]} 44. Kg3 {[%emt 0:04:41]} Re8 {[%emt 0:01:02]} 45. Kf4 {[%emt 0:02:44]} Rh8 {[%emt 0:01:55]} 46. Kg3 {[%emt 0:00:54]} Re8 {[%emt 0:00:19]} 47. Rec1 {[%emt 0:01:08]} Rc8 {[%emt 0:01:08]} 48. Kf4 {[%emt 0:01:01]} Rb6 {[%emt 0:03:33]} 49. Nh3 {[%emt 0:05:45]} Ra6 {[%emt 0:01:18]} 50. Be5+ {[%emt 0:01:30]} Nxe5 {[%emt 0:01:50]} 51. dxe5+ {[%emt 0:00:02]} Kf7 {[%emt 0:02:45]} 52. d4 {[%emt 0:01:19]} Rb6 {[%emt 0:02:57]} 53. Rc5 {[%emt 0:00:50]} Ra6 {[%emt 0:00:32]} 54. Kg5 {[%emt 0:00:30]} Ne8 {[%emt 0:02:00]} 55. Nf4 {[%emt 0:00:40]} Ng7 {[%emt 0:00:45]} 56. Nxg6 {[%emt 0:01:15]} Rg8 {[%emt 0:00:26]} 57. Rxc6 {[%emt 0:00:27]} 1-0

[Event "WYCC 2018 O18"]
[Site "Halkidiki"]
[Date "2018.10.27"]
[Round "8"]
[White "Ahmadzada, Ahmad"]
[Black "Makhnev, Denis"]
[Result "1/2-1/2"]
[WhiteElo "2343"]
[BlackElo "2442"]
[Annotator "TA"]
[PlyCount "46"]
[EventDate "2018.10.20"]
[EventType "swiss"]
[EventCountry "GRE"]
[SourceTitle "playchess.com"]
[Source "ChessBase"]
[SourceQuality "1"]

{[%evp 10,46,31,29,55,29,39,30,24,22,54,15,23,4,41,0,8,12,23,22,25,24,24,25,21,16,15,14,7,0,45,47,32,0,23,-4,-7,-7,-5]} 1. e4 e5 2. Nf3 Nc6 3. Bb5 Nge7 4. c3 g6 5. d4 exd4 6. cxd4 a6 {C60: Ruy Lopez: Unusual Black 3rd moves and 3...g6} 7. Ba4 b5 8. Bb3 {Black must now prevent Ng5.} Bg7 {White has an edge.} 9. Nc3 O-O 10. O-O d6 11. h3 Bb7 (11... Na5 12. Bc2 c5 13. dxc5 dxc5 14. Qxd8 Rxd8 {0-1 (65) Vachier Lagrave,M (2789)-Mamedyarov,S (2808) Leuven 2018}) 12. Nd5 Nxd5 13. Bxd5 Na5 14. Bxb7 Nxb7 15. Bg5 Qd7 16. Qd2 $146 ({Predecessor:} 16. Rc1 Rac8 17. b3 {½-½ (55) Smirnov,T (2301)-Granovskiy,A (2282) Moscow 2015}) 16... Rfe8 17. Rfe1 c5 18. Bh6 $36 {[%mdl 2048] White has the initiative.} Bh8 19. Rad1 cxd4 20. Nxd4 Rac8 21. Nf5 {[%cal Rf5d6]} Qe6 22. Nxd6 Nxd6 23. Qxd6 Bxb2 {Precision: White = 56%, Black = 62%.} 1/2-1/2

[Event "WYCC 2018 O18"]
[Site "Halkidiki"]
[Date "2018.10.27"]
[Round "8"]
[White "Tran, Minh Thang"]
[Black "Miciano, John Marvin"]
[Result "1/2-1/2"]
[WhiteElo "2341"]
[BlackElo "2361"]
[Annotator "NA"]
[PlyCount "65"]
[EventDate "2018.10.20"]
[EventType "swiss"]
[EventCountry "GRE"]
[SourceTitle "playchess.com"]
[Source "ChessBase"]
[SourceQuality "1"]
[TimeControl "40/5400+30:1800+30"]

1. e4 {[%emt 0:00:00]} c6 {[%emt 0:00:23]} 2. d4 {[%emt 0:01:58]} d5 {[%emt 0:00:15]} 3. Nc3 {[%emt 0:00:06]} dxe4 {[%emt 0:00:13]} 4. Nxe4 {[%emt 0:00:06]} Bf5 {[%emt 0:00:34]} 5. Ng3 {[%emt 0:00:06]} Bg6 {[%emt 0:00:13]} 6. h4 {[%emt 0:00:07]} h6 {[%emt 0:00:12]} 7. Nf3 {[%emt 0:00:09]} e6 {[%emt 0:00:14]} 8. h5 {[%emt 0:01:02]} Bh7 {[%emt 0:00:19]} 9. Bd3 {[%emt 0:00:09]} Bxd3 {[%emt 0:00:23]} 10. Qxd3 {[%emt 0:00:08]} Nf6 {[%emt 0:00:32]} 11. Bf4 {[%emt 0:00:22]} Bd6 $11 {[%emt 0:02:59] LiveBook: 80 Games} 12. Ne5 {[%emt 0:06:15]} Bxe5 {[%emt 0:07:39]} 13. Bxe5 {[%emt 0:01:44]} Qa5+ {[%emt 0:00:15]} 14. c3 {[%emt 0:19:40]} Nbd7 {[%emt 0:01:15]} 15. f4 {[%emt 0:00:47]} O-O-O {[%emt 0:07:36]} 16. Qe2 {[%emt 0:06:21]} Ne8 {[%emt 0:07:09]} 17. Ne4 {[%emt 0:00:45]} f6 {[%emt 0:10:11]} 18. Bd6 {[%emt 0:01:43]} f5 {[%emt 0:03:54]} 19. Bb4 {[%emt 0:03:04]} Qc7 {[%emt 0:06:48]} 20. Nf2 {[%emt 0:09:06]} Nef6 {[%emt 0:01:01]} 21. Be7 {[%emt 0:17:07]} Rde8 {[%emt 0:00:24]} 22. Bxf6 {[%emt 0:00:07]} gxf6 {[%emt 0:01:57]} 23. Nd3 {[%emt 0:03:14]} e5 {[%emt 0:01:55]} 24. dxe5 {[%emt 0:03:31]} fxe5 {[%emt 0:00:09]} 25. fxe5 {[%emt 0:00:32]} Nxe5 {[%emt 0:00:10]} 26. O-O-O {[%emt 0:00:16]} Nxd3+ {[%emt 0:00:43]} 27. Qxd3 {[%emt 0:00:43]} Qf4+ {[%emt 0:00:11]} 28. Kc2 {[%emt 0:07:01]} Qe4 {[%emt 0:00:16]} 29. Rhf1 {[%emt 0:05:38]} Rhg8 {[%emt 0:04:59]} 30. Qxe4 {[%emt 0:03:28]} fxe4 {[%emt 0:00:55]} 31. Rd2 {[%emt 0:01:04]} e3 {[%emt 0:00:55]} 32. Re2 {[%emt 0:00:06]} Rg5 {[%emt 0:00:12]} 33. Rf3 {[%emt 0:00:00]} 1/2-1/2

[Event "WYCC 2018 O18"]
[Site "Halkidiki"]
[Date "2018.10.27"]
[Round "8"]
[White "Roshka, Yevgeniy"]
[Black "Tsomaia, Nikoloz"]
[Result "1/2-1/2"]
[WhiteElo "2328"]
[BlackElo "2201"]
[Annotator "NA"]
[PlyCount "155"]
[EventDate "2018.10.20"]
[EventType "swiss"]
[EventCountry "GRE"]
[SourceTitle "playchess.com"]
[Source "ChessBase"]
[SourceQuality "1"]
[TimeControl "40/5400+30:1800+30"]

1. e4 {[%emt 0:00:00]} d6 {[%emt 0:01:49]} 2. d4 {[%emt 0:02:12]} Nf6 {[%emt 0:00:06]} 3. Nc3 {[%emt 0:00:36]} Nbd7 {[%emt 0:00:13]} 4. f4 {[%emt 0:02:06]} e5 {[%emt 0:00:09]} 5. Nf3 {[%emt 0:00:19]} exd4 6. Qxd4 {[%emt 0:01:27]} c6 {[%emt 0:00:34]} 7. Be3 {[%emt 0:06:48]} d5 {[%emt 0:00:29]} 8. exd5 {[%emt 0:00:57]} Bc5 {[%emt 0:04:06]} 9. Qd3 $14 {[%emt 0:01:06]} Qe7 {[%emt 0:07:44]} 10. Kd2 {[%emt 0:01:05]} O-O {[%emt 0:17:38]} 11. Re1 {[%emt 0:03:11]} Bxe3+ {[%emt 0:02:47]} 12. Qxe3 {[%emt 0:00:28]} Qb4 {[%emt 0:01:47]} 13. Kc1 {[%emt 0:00:20]} cxd5 {[%emt 0:11:32]} 14. g3 {[%emt 0:05:21]} Nb6 {[%emt 0:04:07]} 15. Qe7 {[%emt 0:01:27]} Qa5 {[%emt 0:08:40]} 16. Nd4 {[%emt 0:00:47]} Nc4 {[%emt 0:00:22]} 17. Nb3 {[%emt 0:01:02]} Qa6 {[%emt 0:00:11]} 18. Bd3 {[%emt 0:11:42]} Qd6 {[%emt 0:11:27]} 19. Bxc4 {[%emt 0:02:46]} Qxe7 {[%emt 0:00:12]} 20. Rxe7 {[%emt 0:00:01]} dxc4 {[%emt 0:00:04]} 21. Na5 {[%emt 0:00:07]} b6 {[%emt 0:02:09]} 22. Nxc4 {[%emt 0:00:35]} Be6 {[%emt 0:00:15]} 23. Ne5 {[%emt 0:00:16]} Rfc8 {[%emt 0:02:00]} 24. Rd1 {[%emt 0:04:09]} h6 {[%emt 0:01:35]} 25. Rd6 {[%emt 0:02:44]} Ne8 {[%emt 0:11:30]} 26. Rc6 {[%emt 0:04:45]} Rd8 {[%emt 0:02:25]} 27. f5 {[%emt 0:04:15]} Bxf5 {[%emt 0:00:02]} 28. Rxf7 {[%emt 0:00:27]} Bh7 {[%emt 0:00:23]} 29. Rd7 {[%emt 0:03:03]} Rxd7 {[%emt 0:00:07]} 30. Nxd7 {[%emt 0:00:02]} Rd8 {[%emt 0:00:02]} 31. Ne5 {[%emt 0:00:00]} Bf5 {[%emt 0:00:01]} 32. Rc4 {[%emt 0:01:47]} Nf6 {[%emt 0:02:37]} 33. Rf4 {[%emt 0:02:00]} Be6 {[%emt 0:01:46]} 34. a4 {[%emt 0:00:36]} Re8 {[%emt 0:00:02]} 35. Nb5 {[%emt 0:01:23]} Bd5 {[%emt 0:01:02]} 36. Nd3 {[%emt 0:00:39]} Re2 {[%emt 0:00:24]} 37. Rf2 {[%emt 0:00:27]} Re7 {[%emt 0:00:07]} 38. b3 {[%emt 0:00:32]} a6 {[%emt 0:03:05]} 39. Nc3 {[%emt 0:00:19]} Bb7 {[%emt 0:00:06]} 40. Re2 {[%emt 0:00:00]} Rxe2 {[%emt 0:00:00]} 41. Nxe2 {[%emt 0:00:43]} Kf7 {[%emt 0:04:00]} 42. Kd2 {[%emt 0:02:02]} g5 {[%emt 0:04:03]} 43. Nd4 {[%emt 0:03:54]} Ng4 {[%emt 0:03:16]} 44. h3 {[%emt 0:00:35]} Nf6 {[%emt 0:00:02]} 45. Ne5+ {[%emt 0:00:12]} Ke7 {[%emt 0:00:56]} 46. Ke3 {[%emt 0:01:05]} Bc8 {[%emt 0:00:42]} 47. h4 {[%emt 0:01:09]} gxh4 {[%emt 0:00:50]} 48. gxh4 {[%emt 0:00:06]} Nd5+ {[%emt 0:01:58]} 49. Ke4 {[%emt 0:00:35]} Bb7 {[%emt 0:00:09]} 50. Kf5 {[%emt 0:06:08]} Ne3+ {[%emt 0:00:09]} 51. Kf4 {[%emt 0:00:03]} Nd5+ {[%emt 0:01:08]} 52. Kg4 {[%emt 0:00:36]} Ne3+ {[%emt 0:00:30]} 53. Kf4 {[%emt 0:01:08]} Nd5+ {[%emt 0:00:17]} 54. Kg3 {[%emt 0:00:18]} Kd6 {[%emt 0:00:47]} 55. Nd3 {[%emt 0:00:42]} Bc8 {[%emt 0:00:28]} 56. Kf3 {[%emt 0:00:23]} Bd7 {[%emt 0:00:47]} 57. c4 {[%emt 0:01:54]} Ne7 {[%emt 0:00:33]} 58. Ke3 {[%emt 0:03:11]} Ng6 {[%emt 0:01:30]} 59. Nf3 {[%emt 0:17:32]} Bc6 {[%emt 0:00:54]} 60. h5 {[%emt 0:08:04]} Ne7 {[%emt 0:00:04]} 61. Nd4 {[%emt 0:00:47]} Be8 {[%emt 0:00:57]} 62. Nf4 {[%emt 0:00:32]} Ke5 {[%emt 0:02:35]} 63. Nd3+ {[%emt 0:08:39]} Kd6 {[%emt 0:00:30]} 64. Nf4 {[%emt 0:00:59]} Ke5 {[%emt 0:00:02]} 65. Nde2 {[%emt 0:00:33]} Nf5+ {[%emt 0:01:21]} 66. Kd3 {[%emt 0:00:01]} Ng7 {[%emt 0:00:37]} 67. Nd5 {[%emt 0:01:19]} b5 {[%emt 0:00:16]} 68. a5 {[%emt 0:00:21]} bxc4+ {[%emt 0:00:21]} 69. bxc4 {[%emt 0:00:01]} Ne6 {[%emt 0:01:09]} 70. Ng3 {[%emt 0:01:09]} Nf4+ {[%emt 0:00:36]} 71. Nxf4 {[%emt 0:00:20]} Kxf4 {[%emt 0:00:01]} 72. Ne2+ {[%emt 0:06:49]} Ke5 {[%emt 0:00:30]} 73. Nd4 {[%emt 0:00:35]} Bxh5 {[%emt 0:00:12]} 74. Nc6+ {[%emt 0:00:15]} Kf4 {[%emt 0:02:25]} 75. Nb4 {[%emt 0:02:08]} Bf3 {[%emt 0:00:52]} 76. Kd4 {[%emt 0:01:26]} h5 {[%emt 0:00:52]} 77. Nd5+ {[%emt 0:00:29]} Kg3 {[%emt 0:02:44]} 78. Ne3 {[%emt 0:02:28]} 1/2-1/2

[Event "WYCC 2018 O18"]
[Site "Halkidiki"]
[Date "2018.10.27"]
[Round "8"]
[White "Szustakowski, Antoni"]
[Black "Ozates, Tuna"]
[Result "1-0"]
[WhiteElo "2319"]
[BlackElo "2225"]
[Annotator "NA"]
[PlyCount "99"]
[EventDate "2018.10.20"]
[EventType "swiss"]
[EventCountry "GRE"]
[SourceTitle "playchess.com"]
[Source "ChessBase"]
[SourceQuality "1"]
[TimeControl "40/5400+30:1800+30"]

1. d4 {[%emt 0:00:00]} d5 {[%emt 0:00:00]} 2. c4 {[%emt 0:00:00]} c6 {[%emt 0:00:00]} 3. Nc3 {[%emt 0:00:00]} Nf6 {[%emt 0:00:00]} 4. Nf3 {[%emt 0:00:00]} e6 {[%emt 0:00:00]} 5. Bg5 {[%emt 0:00:00]} Nbd7 {[%emt 0:00:03]} 6. e3 {[%emt 0:00:17]} Qa5 {[%emt 0:00:03]} 7. cxd5 {[%emt 0:00:18]} Nxd5 {[%emt 0:00:05]} 8. Qd2 {[%emt 0:00:34]} Bb4 {[%emt 0:00:04]} 9. Rc1 {[%emt 0:00:07]} h6 {[%emt 0:00:03]} 10. Bh4 {[%emt 0:00:17]} c5 {[%emt 0:00:09]} 11. Bc4 {[%emt 0:08:04]} Nxc3 {[%emt 0:16:23]} 12. bxc3 {[%emt 0:00:19]} Ba3 {[%emt 0:00:05]} 13. Rb1 {[%emt 0:02:37]} cxd4 $14 {[%emt 0:00:42]} 14. exd4 {[%emt 0:16:37]} Bd6 {[%emt 0:03:28]} 15. O-O {[%emt 0:01:45]} O-O {[%emt 0:00:38]} 16. Bd3 {[%emt 0:05:00]} Qc7 {[%emt 0:04:58]} 17. Qe2 {[%emt 0:07:16]} Re8 {[%emt 0:00:54]} 18. c4 {[%emt 0:01:18]} Be7 {[%emt 0:18:00]} 19. Qe4 {[%emt 0:14:55]} Nf6 {[%emt 0:07:55]} 20. Bxf6 {[%emt 0:01:47]} Bxf6 {[%emt 0:00:02]} 21. Ne5 {[%emt 0:00:15]} Bxe5 {[%emt 0:16:58]} 22. dxe5 {[%emt 0:01:34]} g6 {[%emt 0:00:53]} 23. h4 {[%emt 0:02:41]} Qc6 {[%emt 0:03:47]} 24. Qf4 {[%emt 0:03:54]} h5 {[%emt 0:13:53]} 25. Qf6 {[%emt 0:11:27]} Qd7 {[%emt 0:07:00]} 26. Bxg6 {[%emt 0:00:56]} Qe7 {[%emt 0:03:09]} 27. Bxh5 {[%emt 0:02:13]} Qxf6 {[%emt 0:00:06]} 28. exf6 {[%emt 0:00:07]} b6 {[%emt 0:00:21]} 29. Rb3 {[%emt 0:00:46]} e5 {[%emt 0:00:38]} 30. Rg3+ {[%emt 0:02:01]} Kf8 {[%emt 0:00:06]} 31. Re1 {[%emt 0:00:21]} Re6 {[%emt 0:01:08]} 32. Bf3 {[%emt 0:01:11]} Rb8 {[%emt 0:00:13]} 33. Bd5 {[%emt 0:00:02]} Rxf6 {[%emt 0:00:21]} 34. Rxe5 {[%emt 0:00:05]} Bb7 {[%emt 0:00:20]} 35. Rh5 {[%emt 0:02:20]} Ke7 {[%emt 0:00:08]} 36. Re3+ {[%emt 0:00:07]} Kd6 {[%emt 0:00:12]} 37. Bxb7 {[%emt 0:00:27]} Rxb7 {[%emt 0:00:01]} 38. Rd5+ {[%emt 0:00:06]} Kc6 {[%emt 0:00:03]} 39. g3 {[%emt 0:00:17]} a6 {[%emt 0:01:17]} 40. Rd4 {[%emt 0:00:00]} Kc5 {[%emt 0:00:00]} 41. Ree4 {[%emt 0:03:00]} Rf3 {[%emt 0:02:35]} 42. Rf4 {[%emt 0:02:44]} Rxf4 {[%emt 0:06:43]} 43. Rxf4 {[%emt 0:00:02]} Kd6 {[%emt 0:00:25]} 44. h5 {[%emt 0:00:30]} Ke5 {[%emt 0:00:52]} 45. h6 {[%emt 0:00:46]} f5 {[%emt 0:00:04]} 46. Rh4 {[%emt 0:00:03]} Rh7 {[%emt 0:00:04]} 47. Kg2 {[%emt 0:00:08]} Kf6 {[%emt 0:02:06]} 48. Kf3 {[%emt 0:00:28]} Kg6 {[%emt 0:00:14]} 49. Kf4 {[%emt 0:00:07]} Kf6 {[%emt 0:00:47]} 50. Rh3 {[%emt 0:00:14]} 1-0

[Event "WYCC 2018 O18"]
[Site "Halkidiki"]
[Date "2018.10.27"]
[Round "8"]
[White "Banzea, Alexandru-Bogdan"]
[Black "Hakobyan, Aram"]
[Result "1/2-1/2"]
[WhiteElo "2313"]
[BlackElo "2565"]
[Annotator "TA"]
[PlyCount "154"]
[EventDate "2018.10.20"]
[EventType "swiss"]
[EventCountry "GRE"]
[SourceTitle "playchess.com"]
[Source "ChessBase"]
[SourceQuality "1"]

{[%evp 10,154,18,20,32,28,27,28,24,0,0,0,0,0,3,0,34,33,46,7,17,-18,46,43,58,42,64,34,55,0,0,0,5,0,0,0,16,10,75,51,52,10,32,39,119,97,93,50,72,70,62,70,72,72,60,60,80,50,78,20,39,37,55,58,56,57,50,55,95,102,90,26,26,26,26,26,26,26,26,26,26,26,26,26,49,26,26,8,37,8,37,8,87,33,33,33,33,33,33,33,33,33,33,33,33,33,33,33,33,33,33,33,33,33,33,33,33,33,33,33,33,33,33,33,33,0,0,0,0,0,8,8,8,0,0,0,0,0,0,0,0,0,0,0,0,0,0]} 1. e4 c6 2. d4 d5 3. exd5 cxd5 4. Nf3 Nc6 5. Ne5 Nf6 6. c3 {LiveBook: 44 Games. B13: Caro-Kann: Exchange Variation and Panov-Botvinnik Attack} a6 7. Bd3 g6 8. O-O {White has an edge.} Bg7 9. h3 (9. Re1 O-O 10. Nd2 Nxe5 11. dxe5 Nd7 12. Nf3 Nc5 13. Nd4 Bg4 {0-1 (46) Kramnik,V (2792)-Caruana,F (2816) Paris 2018}) 9... O-O 10. Bf4 Nd7 $146 ({Predecessor:} 10... Nxe5 11. dxe5 Nd7 12. Qe2 Nc5 13. Bc2 Qb6 14. b4 Ne6 15. Be3 d4 16. Bd2 dxc3 17. Bxc3 Bd7 18. a4 Rac8 19. Kh1 Qc7 20. Bb3 Nf4 21. Qe3 Be6 {½-½ (21) Elseth,R (2250)-Gausel,E (2205) Gausdal 1983}) 11. Nf3 b5 12. Re1 b4 13. Nbd2 $36 {[%mdl 2048] White is pushing.} Bb7 14. h4 Re8 15. Ne5 Rc8 (15... Ncxe5 $11 16. dxe5 e6) 16. Nxd7 $14 Qxd7 17. Nf3 Rcd8 18. Qe2 f6 19. Bxa6 Bxa6 20. Qxa6 bxc3 21. bxc3 e5 {...Ra8 is the strong threat.} 22. Bh2 e4 23. Nd2 Qc8 (23... Ra8 $11 24. Qb5 Ra5) 24. Qxc8 $16 Rxc8 25. Bd6 Na7 26. Bc5 Nb5 ({Better is} 26... Nc6 $14) 27. a4 Nc7 28. Rab1 Na6 29. Bb4 f5 30. Ba5 Bh6 31. Nf1 Rc4 32. Rb5 Rxa4 33. Rxd5 Nb8 34. Bb6 (34. Rb1 $16) 34... Ra3 35. c4 Ra4 36. Ne3 Bxe3 37. fxe3 Rxc4 38. Rb1 Nc6 {[#]} 39. Bc5 $1 f4 {[#]} 40. exf4 (40. Rd6 $1 $16 {[%cal Rd6c6]} Rc8 41. exf4) 40... e3 $11 41. Rd7 {Strongly threatening Rbb7.} e2 42. Kf2 {And now Re1 would win.} Nb4 43. Bxb4 Rxb4 {[%mdl 4096] Endgame KRR-KRR} 44. Re1 Re4 45. Rxe2 Rbxd4 46. Rxe4 {[%cal Re4e8]} (46. Rxd4 {with more complications.} Rxd4 47. g3 h5 48. Re5 Kf7 49. Ke3) 46... Rxd7 {KR-KR} 47. Kf3 Kg7 48. g4 Rc7 49. Re3 Rb7 50. Ra3 Re7 (50... h5 $11 {keeps the balance.}) 51. g5 (51. h5 $16) 51... h6 $14 52. Ra6 {aiming for h5!} hxg5 53. hxg5 Rb7 54. Rd6 Re7 55. Rd5 Kf7 56. Re5 Ra7 57. Re4 Ra3+ 58. Re3 Ra4 59. Rb3 Ra7 60. Rc3 Re7 61. Rc5 Kg7 62. Re5 Ra7 63. Kg4 Ra3 64. Re7+ Kf8 65. Rb7 Kg8 66. Rb4 Kg7 67. f5 gxf5+ $1 {The position is equal.} 68. Kxf5 Ra5+ 69. Kg4 {Threatening Rb7+.} Ra6 70. Kh5 Kg8 71. g6 Ra1 72. Rb5 Kg7 73. Rb7+ Kg8 74. Rb8+ Kg7 75. Rb7+ Kg8 76. Rb8+ Kg7 77. Rb7+ Kg8 {Precision: White = 55%, Black = 66%.} 1/2-1/2

[Event "WYCC 2018 O18"]
[Site "Halkidiki"]
[Date "2018.10.27"]
[Round "8"]
[White "Dobrovoljc, Vid"]
[Black "Ayats Llobera, Gerard"]
[Result "1/2-1/2"]
[WhiteElo "2309"]
[BlackElo "2399"]
[Annotator "NA"]
[PlyCount "81"]
[EventDate "2018.10.20"]
[EventType "swiss"]
[EventCountry "GRE"]
[SourceTitle "playchess.com"]
[Source "ChessBase"]
[SourceQuality "1"]
[TimeControl "40/5400+30:1800+30"]

1. e4 {[%emt 0:00:00]} e6 {[%emt 0:00:00]} 2. d4 {[%emt 0:00:00]} d5 {[%emt 0:00:00]} 3. Nc3 {[%emt 0:02:39]} Nf6 {[%emt 0:00:00]} 4. e5 {[%emt 0:00:27]} Nfd7 {[%emt 0:00:00]} 5. f4 {[%emt 0:00:39]} c5 {[%emt 0:00:00]} 6. Nf3 {[%emt 0:00:06]} Nc6 {[%emt 0:00:00]} 7. Be3 {[%emt 0:00:23]} Be7 {[%emt 0:00:00]} 8. Qd2 {[%emt 0:02:20]} O-O 9. Be2 {[%emt 0:02:56]} b6 {[%emt 0:00:00]} 10. O-O {[%emt 0:01:33]} f5 {[%emt 0:00:26]} 11. exf6 {[%emt 0:06:14]} Nxf6 {[%emt 0:00:04]} 12. Bb5 {[%emt 0:00:11]} Qc7 {[%emt 0:04:37]} 13. Bxc6 {[%emt 0:07:34]} Qxc6 {[%emt 0:00:13]} 14. Ne5 {[%emt 0:00:03]} Qc7 {[%emt 0:10:44]} 15. Rae1 {[%emt 0:02:02]} Ba6 $11 {[%emt 0:01:40]} 16. Rf3 {[%emt 0:02:00]} Rad8 {[%emt 0:04:52]} 17. Rh3 {[%emt 0:12:27]} b5 {[%emt 0:04:46]} 18. Qd3 {[%emt 0:08:17]} Qc8 {[%emt 0:03:46]} 19. Ng4 {[%emt 0:03:26]} g6 {[%emt 0:01:37]} 20. Nxf6+ {[%emt 0:02:32]} Bxf6 {[%emt 0:16:53]} 21. Ne2 {[%emt 0:08:49]} b4 {[%emt 0:03:12]} 22. Qd2 {[%emt 0:03:32]} Bxe2 {[%emt 0:00:20]} 23. Rxe2 {[%emt 0:00:07]} Qa6 {[%emt 0:02:02]} 24. c3 {[%emt 0:07:50]} Qxa2 {[%emt 0:05:04]} 25. cxb4 {[%emt 0:01:50]} cxb4 {[%emt 0:20:26]} 26. Qxb4 {[%emt 0:01:10]} Rb8 {[%emt 0:00:00]} 27. Qd6 {[%emt 0:03:24]} Rb6 {[%emt 0:00:49]} 28. Qd7 {[%emt 0:01:19]} Bg7 {[%emt 0:02:47]} 29. Bf2 {[%emt 0:01:58]} Qa6 {[%emt 0:05:15]} 30. Rhe3 {[%emt 0:03:41]} Bxd4 {[%emt 0:00:09]} 31. Rxe6 {[%emt 0:00:12]} Qa1+ {[%emt 0:02:26]} 32. Re1 {[%emt 0:01:29]} Qxb2 {[%emt 0:00:23]} 33. Bxd4 {[%emt 0:03:41]} Qxd4+ {[%emt 0:00:01]} 34. Kh1 {[%emt 0:00:07]} Qxf4 {[%emt 0:01:01]} 35. Re8 {[%emt 0:03:32]} Qf7 {[%emt 0:00:45]} 36. Qxf7+ {[%emt 0:01:07]} Kxf7 {[%emt 0:01:03]} 37. R8e7+ {[%emt 0:00:06]} Kf6 {[%emt 0:03:53]} 38. Rxa7 {[%emt 0:00:07]} Rfb8 {[%emt 0:05:38]} 39. Rf1+ {[%emt 0:01:43]} Ke5 {[%emt 0:00:21]} 40. Re7+ {[%emt 0:00:00]} Kd4 {[%emt 0:00:00]} 41. Rd1+ {[%emt 0:05:48] Ke5} 1/2-1/2